000 00461nam a22001817a 4500
003 MPLRDC
005 20220104114636.0
008 210129b ||||| |||| 00| 0 eng d
082 _a192.8 LJ-2 v.6
100 _a绿君主编
245 _a夏日恋曲
_c
250 _a初版
260 _a
_b出版家文化事业股份有
_c1984
300 _b
490 _a生命之歌彩色别刊. 6
650 _a格言; 箴言; 金言
942 _cBK
_o192.8 LJ-2 v.6
999 _c9077
_d9067